| 000 | 00598nam a22001937a 4500 | ||
|---|---|---|---|
| 003 | 0 | ||
| 005 | 20240927131922.0 | ||
| 008 | 240927b xxu||||| |||| 00| 0 eng d | ||
| 020 | _a9780357673850 | ||
| 050 |
_aTK 515.888 _b.C65 2024 |
||
| 100 |
_aColler, F. Max, _eauthor. |
||
| 245 |
_aWeb development : _bfull stack / _cF. Max Coller. |
||
| 260 |
_aBoston, MA : _bCengage, _c2024. |
||
| 300 |
_axvi, 416 p. : _bcol. ill. ; _c28 cm. |
||
| 504 | _aIncludes bibliographical references and index. | ||
| 650 | _aWebsite development. | ||
| 650 |
_aApplication software _xdevelopment. |
||
| 942 |
_2lcc _cBK |
||
| 999 |
_c366404 _d366404 |
||